000 00922cab a2200265 4500
001 ABS47072
008 090401t1992 xxu||||| |||| 00| 0 eng d
035 _a(Sirsi) u60697
041 _aeng
100 _aFinch, E.
245 _aMapping out the future
260 _c1992
350 _a0
490 _aFacilities
_v10(8) August 1992, 10-13(4)
520 _aConsiders the role geographic information systems can play in facilities management, in mapping the various locational influences that bear upon a building`s potential obsolescence: accessibility of services, supplies and markets; planning restrictions, and the appeal of an area to staff.
650 _aCAFM
650 _aFACILITIES MANAGEMENT
_96240
650 _aGIS
650 _aMAPS
650 _aSITE SELECTION
690 _aMANAGEMENT-BUSINESS MANAGEMENT-INFORMATION MANAGEMENT
690 _aMAPPING
942 _n0
948 _c04/03/1997
999 _c37495
_d37495